Southville International School and Colleges
Your cart is empty.
  • Cart
  • Lists
    Public lists Eva Luna New books Lux_list list_1
    Your lists Log in to create your own lists
  • Log in to your account
  • Your cookies
  • Search history
Southville International School and Colleges
  • Advanced search
  • Recent comments
  • Most popular
  • Libraries

Log in to your account

Log in with GOOGLE


If you do not have an external account, but do have a local account, you can still log in:

  1. Home
  2. MARC view: Choose your own adventure /
Normal view MARC view ISBD view

Choose your own adventure / (Record no. 8072)

[ view plain ]
MARC details
000 -LEADER
fixed length control field 00910nam a22003257a 4500
003 - CONTROL NUMBER IDENTIFIER
control field OSt
005 - DATE AND TIME OF LATEST TRANSACTION
control field 20160728095935.0
008 - FIXED-LENGTH DATA ELEMENTS--GENERAL INFORMATION
fixed length control field 121120t xxu||||| |||| 00| 0 eng d
020 ## - INTERNATIONAL STANDARD BOOK NUMBER
International Standard Book Number 0553259113
020 ## - INTERNATIONAL STANDARD BOOK NUMBER
International Standard Book Number 0553232312
020 ## - INTERNATIONAL STANDARD BOOK NUMBER
International Standard Book Number 0553226207
020 ## - INTERNATIONAL STANDARD BOOK NUMBER
International Standard Book Number 0553225413
050 ## - LIBRARY OF CONGRESS CALL NUMBER
Classification number PZ 7
Item number .M787 1979, 1981, 1982
082 ## - DEWEY DECIMAL CLASSIFICATION NUMBER
Classification number KF
Item number C45 ##
100 ## - MAIN ENTRY--PERSONAL NAME
Personal name Montgomery, R.A.
9 (RLIN) 5262
245 ## - TITLE STATEMENT
Title Choose your own adventure /
Statement of responsibility, etc R.A. Montgomery.
260 ## - PUBLICATION, DISTRIBUTION, ETC. (IMPRINT)
Place of publication, distribution, etc New York :
Name of publisher, distributor, etc Bantam Books,
Date of publication, distribution, etc c1979, c1981, c1982.
300 ## - PHYSICAL DESCRIPTION
Extent 117 p. :
-- 121 p. :
-- 134 p. :
-- 115 p. :
Other physical details ill. ;
Dimensions 17 cm.
562 ## - COPY AND VERSION IDENTIFICATION NOTE
Number of copies 4
650 ## - SUBJECT ADDED ENTRY--TOPICAL TERM
Topical term or geographic name as entry element Adventure
General subdivision fiction.
9 (RLIN) 5605
830 ## - SERIES ADDED ENTRY--UNIFORM TITLE
Uniform title journey under the sea.
9 (RLIN) 5606
830 ## - SERIES ADDED ENTRY--UNIFORM TITLE
Uniform title the lost jewels of nabooti.
9 (RLIN) 5607
830 ## - SERIES ADDED ENTRY--UNIFORM TITLE
Uniform title mystery of maya.
9 (RLIN) 5608
830 ## - SERIES ADDED ENTRY--UNIFORM TITLE
Uniform title house of danger.
9 (RLIN) 5609
942 ## - ADDED ENTRY ELEMENTS (KOHA)
Source of classification or shelving scheme Library of Congress Classification
Koha item type Books
Holdings
Withdrawn status Lost status Source of classification or shelving scheme Damaged status Home library Current library Shelving location Date acquired Source of acquisition Total Checkouts Full call number Barcode Date last seen Date checked out Copy number Price effective from Koha item type
    Library of Congress Classification   Luxembourg Library Luxembourg Library Kids Fiction Section 07/29/2013 Donation 1 PZ 7 .M787c2 1979 2495 05/02/2019 04/01/2019 1 07/29/2013 Books
    Library of Congress Classification   Luxembourg Library Luxembourg Library Kids Fiction Section 07/29/2013 Donation 1 PZ 7 .M787c10 1981 4214 05/02/2019 04/01/2019 1 07/29/2013 Books
    Library of Congress Classification   Luxembourg Library Luxembourg Library Kids Fiction Section 07/29/2013 Donation 1 PZ 7 .M787c11 1981 4099 05/02/2019 04/01/2019 1 10/03/2013 Books
    Library of Congress Classification   Luxembourg Library Luxembourg Library Kids Fiction Section 07/29/2013 Donation   PZ 7 .M787c15 1982 10515 05/25/2015   1 07/29/2013 Books

Choose your own adventure /

APA

Montgomery R., . (197919811982). Choose your own adventure. New York: Bantam Books.

Chicago

Montgomery R.A, . 197919811982. Choose your own adventure. New York: Bantam Books.

Harvard

Montgomery R., . (197919811982). Choose your own adventure. New York: Bantam Books.

MLA

Montgomery R.A, . Choose your own adventure. New York: Bantam Books. 197919811982.

  • Place hold
  • Print
  • Cite
  • Add to your cart (remove)
  • Save record
    BIBTEX Dublin Core MARCXML MARC (non-Unicode/MARC-8) MARC (Unicode/UTF-8) MARC (Unicode/UTF-8, Standard) MODS (XML) RIS
  • More searches
    Search for this title in:
    Other Libraries (WorldCat) Other Databases (Google Scholar) Online Stores (Bookfinder.com) Open Library (openlibrary.org)

Exporting to Dublin Core...

SOUTHVILLE LIBRARY

Southville International School and Colleges Library

1281 Tropical Ave. Cor. Luxembourg St., BF Homes International, Las Pinas City

Tel. No. 8256374 / 252358 Loc. 117/146

Powered by Koha